000 00434nam a2200157Ia 4500
008 210716s2005 xx 000 0 und d
020 _a8129709805
041 _aeng
082 _a658.4013 COHL
100 _aCohen, Lou.
245 _aQuality function deployment: how to make qfd work for you.
_bHow to make qfd work for you.
250 _a1
260 _aNew Delhi
_bPearson Education
_c2005
300 _axix,348
650 _aTQM
999 _c199297
_d199297